|
|
|
|
| LEADER |
00949nam a2200241 a 4500 |
| 001 |
13427939 |
| 008 |
090526s2002 nju 001 0 eng d |
| 010 |
|
|
|a 2003068981
|
| 020 |
|
|
|a 0130619965
|
| 040 |
|
|
|a DLC
|c DLC
|
| 082 |
0 |
0 |
|a 540
|2 22
|
| 100 |
1 |
|
|a Hill, John William,
|d 1933-
|
| 245 |
0 |
0 |
|a General chemistry :
|b an integrated approach /
|c John W. Hill, Ralph H.Petrucci.
|
| 250 |
|
|
|a 3th ed. /
|b John W. Hill ... [et al].
|
| 260 |
|
|
|a Upper Saddle River, NJ :
|b Pearson Prentice Hall,
|c c2002.
|
| 300 |
|
|
|a xxvii,1103 p. A-77,C-3,I-16:
|b col. ill. ;
|c 26 cm.
|
| 504 |
|
|
|a Includes index.
|
| 541 |
1 |
|
|e 00014809
|
| 650 |
|
0 |
|a Chemistry.
|
| 700 |
1 |
|
|a Petrucci, Ralph H
|
| 852 |
4 |
|
|a Ayesha Abed Library
|j General Shelf.
|
| 999 |
|
|
|c 925
|d 925
|
| 952 |
|
|
|0 0
|1 0
|2 ddc
|4 0
|6 540_HIL_200200000000000
|7 0
|9 849
|a BRACUL
|b BRACUL
|c GEN
|d 2009-06-03
|g 0.00
|l 22
|m 208
|o 540 HIL
|p 3010014809
|r 2025-01-20
|s 2025-01-16
|t 1
|w 2009-06-03
|y BK
|x No price found in the accession register.
|